| 000 | 00592nam a2200217 a 4500 | ||
|---|---|---|---|
| 001 | BRCA_7412 | ||
| 005 | 20190320205827.0 | ||
| 008 | 230313s1924----gw-a######---#000-0#ger-# | ||
| 041 | _ager | ||
| 044 | _agw | ||
| 050 | 4 |
_aN6425 _b.H38 1924 |
|
| 100 | 1 |
_aHausenstein, Wilhelm _918279 |
|
| 245 | 1 | 0 |
_aRokoko _bfranzosische und deutsche illustratoren des achtzehnt en jahrhunderts _cWilhelm Hausenstein. |
| 250 | _a4 | ||
| 260 |
_aMunich _bR. Piper _c1924 |
||
| 300 |
_avii, 238 p. _bil., 121 láminas |
||
| 500 | _aQ147 | ||
| 650 | 1 | 4 |
_aArte rococó _95921 |
| 902 | _aGFM | ||
| 942 |
_2lcc _cB |
||
| 999 |
_c7088 _d7088 |
||